书目信息 |
| 题名: |
金属的化学分析
|
|
| 作者: | ;沪东造船厂质量检验组 编 | |
| 分册: | ||
| 出版信息: | 北京 国防工业出版社 1972 |
|
| 页数: | 264页 | |
| 开本: | 20cm | |
| 丛书名: | ||
| 单 册: | ||
| 中图分类: | TG115 | |
| 科图分类: | ||
| 主题词: | 金属学 , 物理冶金学 | |
| 电子资源: | ||
| ISBN: | ||
| 000 | 00637nam0 2200205 450 | |
| 001 | 0632661648 | |
| 005 | 20060418142520.10 | |
| 010 | @dCNY0.90 | |
| 100 | @a20060327d1972 km y0chiy0120 ea | |
| 101 | 0 | @achi |
| 102 | @aCN@b110000 | |
| 200 | 1 | @a金属的化学分析@Ajin shu de hua xue fen xi@f沪东造船厂质量检验组编@Fhu dong zao chuan chang zhi liang jian yan zu bian |
| 210 | @a北京@c国防工业出版社@d1972 | |
| 215 | 1 | @a264页@d20cm |
| 606 | 0 | @a金属学 |
| 606 | 0 | @a物理冶金学 |
| 690 | @aTG115@v4 | |
| 711 | 0 | @a沪东造船厂质量检验组@Ahu dong zao chuan chang zhi liang jian yan zu@4编 |
| 801 | 0 | @aCN@bPFT@c20060418 |
| 905 | @a10447@dTG115@e2 | |
| 金属的化学分析/沪东造船厂质量检验组编.-北京:国防工业出版社,1972 |
| 264页;20cm |
| ISBN :CNY0.90 |
| ● |
| 相关链接 |
|
|
|
|
正题名:金属的化学分析
索取号:TG115/2
 
预约/预借
| 序号 | 登录号 | 条形码 | 馆藏地/架位号 | 状态 | 备注 |
| 1 | 0016842 | 000883397 | 密集书库/ [索取号:TG115/2] | 在馆 | |
| 2 | 0016843 | 202248264 | 密集书库/ [索取号:TG115/2] | 在馆 |